| 000 | 00501nam a22001817a 4500 | ||
|---|---|---|---|
| 003 | CEME | ||
| 005 | 20210628205447.0 | ||
| 008 | 210316b xxu||||| |||| 00| 0 eng d | ||
| 020 | _a0-201-62442-7 | ||
| 040 | _c. | ||
| 082 | _a510.2462 CRO'I | ||
| 100 |
_aCroft, Anthony Davison, Robert Hargreaves, Martin _975662 |
||
| 245 | _aIntroduction to engineering mathematics | ||
| 260 |
_aNEWYORK _bADDISON WESLEY _c1995 |
||
| 300 | _a762P | ||
| 650 |
_aENGINEERING MATHEMATICS _92310 |
||
| 942 |
_cBK _2ddc |
||
| 999 |
_c581055 _d581055 |
||